Gaming Quiz

Random Gaming Quiz

Persona 4 Tarot Cards Slideshow Quiz Stats

 Plays Quiz not verified by Sporcle

Support Sporcle.
Go Orange.
Score 0/25 Timer 06:00
0 Plays Today
% Correct
The Fool
99.3%
Death
98.3%
The Emperor
97%
The Hanged Man
95.7%
The Chariot
94.5%
The Star
93.7%
The Lovers
93.3%
The Sun
91.2%
The Devil
90.4%
The Magician
87.1%
The Tower
87.1%
Justice
87%
The Moon
83.5%
% Correct
The High Priestess
81.4%
The Empress
76.8%
Strength
76.5%
Temperance
76.1%
Jester
75.4%
The Hierophant
74.8%
Fortune
73.5%
Judgement
71.9%
The Hermit
71.4%
The World
70.7%
Aeon
70%
Hunger
51.7%

You're not logged in!

Compare scores with friends on all Sporcle quizzes.
OR
Log In

From the Vault

Foreign-Born Population: Australia

by Booger

Australia's come a long way from its days as a penal colony. Today, people move there voluntarily.

You Might Also Like...

Remove Ads.
Support Sporcle.
Get the best of Sporcle when you Go Orange. This ad-free experience offers more features, more stats, and more fun while also helping to support Sporcle. Thank you for becoming a member.

Show Comments

Extras

Created Oct 4, 2013ReportNominate
Tags:Persona, Tarot

Top Quizzes Today


Score Distribution

Your Account Isn't Verified!

In order to create a playlist on Sporcle, you need to verify the email address you used during registration. Go to your Sporcle Settings to finish the process.

Report this User

Report this user for behavior that violates our Community Guidelines.

Details: